000 00278nam a22001337a 4500
008 170719b xxu||||| |||| 00| 0 eng d
020 _a9780684828183
041 _aeng
080 _a2
100 _a24
101 _aTEO
245 _aFEED OF CLAY
_cSTORR, A
942 _2udc
_cBK
999 _c21581
_d21581